01473nam a2200385 c 450000100060000000300100000600500170001600700030003300800410003602000180007704000350009504100130013008200130014308200180015610000280017424501480020225000180035026400710036830000180043933600270045733700330048433800280051749000250054550000400057050400380061052100380064853400500068654500690073665000550080565000650086065000530092565000520097870000280103070000290105859370CO-BoRNBP20251006222359.0ta201110s2017 sp er 001 0dspa d a9788416995165 aCO-BoRNBPbspaerdacCO-BoRNBP1 aspaheng04a509bM1504a509bN85m2221 aNumbers, Ronald L.eaut13aLa manzana de Newton y otros mitos acerca de la ciencia /cRonald L. Numbers y Kostas Kampourakis editores ; traducción de Josep Sarret Grau. a1a. edición 1aBarcelona, España :bEdiciones de Intervención Cultural,c2017 a305 páginas atextobtxt2rdacontent asin mediaciónbn2rdamedia avolumenbnc2rdacarrier0 aBiblioteca Buridán aIncluye índice al final del texto aBibliografía: páginas 255-287 aRecomendado para público adulto tNewton's apple and other mytths about science aIncluye datos biográficos de los autores editores en la solapa07aEdad mediaxHistoriaxCuriosidades y enigmas2lemb07aReligión y cienciaxHistoriaxCuriosidades y enigmas2lemb07aFísicaxHistoriaxCuriosidades y enigmas2LEMB07aCienciaxHistoriaxCuriosidades y enigmas2LEMB aSarret Grau, Josepetrl1 aKampourakis, Kostaseedt